000 00460nam a2200157Ia 4500
008 230312s9999||||xx |||||||||||||| ||und||
020 _a0-88133-880-x
082 _a345.01
_bKAP-M
100 _aVictor E. Kappeler , Mark Blumberg
245 0 _aMythology of Crime and Criminal Justice
260 _bWAVELAND PRESS INC.
_aUSA
_c1996
300 _a362
546 _aEng.
650 _aEconomics
_vSocial Construction of Crime Myth ,
942 _cBK
999 _c2266
_d2266